[Event "Reykjavik Open 2015"]
[Site "Reykjavik ISL"]
[Date "2015.03.10"]
[Round "1.69"]
[White "Ragnarsson, Dagur"]
[Black "Opasiak, Dustin Tennessee"]
[Result "1-0"]
[WhiteElo "2347"]
[BlackElo "1781"]
[WhiteFideId "2304058"]
[BlackFideId "24630217"]
[EventDate "2015.03.10"]

1. c4 Nf6 2. Nc3 c5 3. Nf3 Nc6 4. d4 cxd4 5. Nxd4 d6 6. g3 Qb6 7. Nb3 g6 8. Bg2
Bg7 9. Be3 Qd8 10. c5 Ng4 11. Bc1 dxc5 12. Qxd8+ Nxd8 13. Nxc5 O-O 14. O-O Ne5
15. Bg5 Nec6 16. Rac1 h6 17. Be3 b6 18. Nd3 Ba6 19. b4 Bxd3 20. exd3 Rb8 21.
Bxc6 Nxc6 22. Nd5 e6 23. Nxb6 Nxb4 24. Nd7 Nxd3 25. Rcd1 Ne5 26. Nxf8 Rxf8 27.
Rc1 Ra8 28. Rc7 a5 29. Rb1 g5 30. h3 h5 31. f4 gxf4 32. gxf4 Nd3 33. Rbb7 Nb4
34. Rxf7 Bc3 35. f5 exf5 36. Rxf5 Nxa2 37. Rg5+ Kh8 38. Rxh5+ Kg8 39. Rg5+ Kh8
40. Rb6 Kh7 41. Rg2 Nb4 42. Rh6# 1-0

[Event "Reykjavik Open 2015"]
[Site "Reykjavik ISL"]
[Date "2015.03.10"]
[Round "1.70"]
[White "De Winter, Eric"]
[Black "Cummings, David H."]
[Result "1/2-1/2"]
[BlackTitle "IM"]
[WhiteElo "1776"]
[BlackElo "2345"]
[WhiteFideId "1033069"]
[BlackFideId "2603578"]
[EventDate "2015.03.10"]

1. d4 d5 2. c4 e6 3. g3 Nf6 4. Bg2 dxc4 5. Qa4+ c6 6. Qxc4 b5 7. Qd3 Bb7 8. Nf3
Nbd7 9. Nbd2 a6 10. O-O Be7 11. e4 c5 12. e5 Nd5 13. Qe2 c4 14. a3 Qb6 15. Ne4
h6 16. Bd2 g5 17. h3 Rg8 18. Rfd1 Rc8 19. Rac1 a5 20. Kh2 Ba6 21. Qe1 b4 22.
axb4 axb4 23. Be3 Bb7 24. Nfd2 c3 25. bxc3 bxc3 26. Nf1 c2 27. Rd2 Bb4 28. Nd6+
Bxd6 29. exd6 Qxd6 30. Rdxc2 Rxc2 31. Rxc2 Ke7 32. Rb2 Bc6 33. Nd2 Nf4 34. Bxf4
gxf4 35. d5 fxg3+ 36. fxg3 Bxd5 37. Bxd5 Qxd5 38. Nf1 Ne5 39. Qb4+ Qd6 40. Qh4+
f6 41. Rb7+ Nd7 42. Qxh6 Qd3 43. Qf4 Ra8 44. Rb2 e5 45. Qb4+ Ke8 46. Qe1 Ra3 47.
Rd2 Qf3 48. Rf2 Qb3 49. Qe4 Kd8 50. Qh7 Ra2 51. Qf5 e4 52. Qf4 Rxf2+ 53. Qxf2
Qe6 54. Ne3 Ne5 55. g4 Nf3+ 56. Kh1 Qe5 57. Nf5 Qa1+ 58. Kg2 Kd7 59. Ne3 Ke6 60.
Nf5 Ne1+ 61. Kg3 Qe5+ 62. Qf4 Qc3+ 63. Qe3 Qe5+ 1/2-1/2

[Event "Reykjavik Open 2015"]
[Site "Reykjavik ISL"]
[Date "2015.03.10"]
[Round "1.71"]
[White "Nguyen, Thai Dai Van"]
[Black "Kruglyak, Mikhail"]
[Result "1-0"]
[WhiteTitle "FM"]
[WhiteElo "2338"]
[BlackElo "1775"]
[WhiteFideId "358878"]
[BlackFideId "2082896"]
[EventDate "2015.03.10"]

1. e4 c6 2. d4 e6 3. Nf3 d5 4. Nbd2 c5 5. exd5 cxd4 6. Bb5+ Bd7 7. Qe2 Qe7 8.
O-O exd5 9. Bxd7+ Nxd7 10. Qb5 O-O-O 11. Nxd4 Qc5 12. Qd3 Ngf6 13. N2b3 Qb6 14.
Be3 Ng4 15. Bf4 Bd6 16. Bg3 g6 17. a4 Bxg3 18. Qxg3 Ngf6 19. a5 Qc7 20. a6 b6
21. Qf3 Kb8 22. Nb5 Qe5 23. N3d4 Rc8 24. Rfe1 Qh5 25. Qf4+ Ka8 26. Nc7+ Rxc7 27.
Qxc7 1-0

[Event "Reykjavik Open 2015"]
[Site "Reykjavik ISL"]
[Date "2015.03.10"]
[Round "1.72"]
[White "Ontiveros, John"]
[Black "Loos, Roland"]
[Result "0-1"]
[WhiteElo "1774"]
[BlackElo "2337"]
[WhiteFideId "2303981"]
[BlackFideId "4643232"]
[EventDate "2015.03.10"]

1. d4 Nf6 2. c4 e6 3. Nc3 Bb4 4. Qc2 O-O 5. a3 Bxc3+ 6. Qxc3 b6 7. Bg5 Bb7 8.
Nf3 d6 9. g3 Nbd7 10. Bg2 a5 11. O-O a4 12. Nd2 Bxg2 13. Kxg2 h6 14. Bxf6 Qxf6
15. e4 e5 16. dxe5 dxe5 17. Nf3 Qe6 18. Rad1 f6 19. Nh4 Nc5 20. f3 Kh7 21. Nf5
Rae8 22. Rd5 Qc6 23. Rfd1 Rf7 24. Qd2 Nb3 25. Qd3 Qe6 26. Rd7 Nc5 27. Rxf7 Qxf7
28. Qd5 Kg8 29. Ne3 Re6 30. Qa8+ Re8 31. Rd8 Kf8 32. Nd5 Ne6 33. Rxe8+ Qxe8 34.
Qxe8+ Kxe8 35. Kf2 Kd7 36. Ke3 Nc5 37. Kd2 h5 38. Ne3 Ne6 39. Nd5 Kd6 0-1

[Event "Reykjavik Open 2015"]
[Site "Reykjavik ISL"]
[Date "2015.03.10"]
[Round "1.73"]
[White "Rosner, Jonas"]
[Black "Sigurdsson, Birkir Karl"]
[Result "1-0"]
[WhiteTitle "FM"]
[WhiteElo "2324"]
[BlackElo "1767"]
[WhiteFideId "24608513"]
[BlackFideId "2304180"]
[EventDate "2015.03.10"]

1. e4 e6 2. d4 d5 3. Nc3 Bb4 4. e5 Ne7 5. a3 Bxc3+ 6. bxc3 c5 7. Qg4 Qc7 8. Bd3
cxd4 9. Ne2 Bd7 10. cxd4 Nbc6 11. O-O O-O-O 12. Qxg7 Nf5 13. Bxf5 exf5 14. Qxf7
Nxe5 15. dxe5 Qxe5 16. Be3 Be8 17. Bf4 Qxf4 18. Qe6+ Bd7 19. Qxd7+ Rxd7 20. Nxf4
b6 21. Rad1 Rhd8 22. Rfe1 Kb7 23. Re5 Rc8 24. Rd2 Rc3 25. Re3 Rxe3 26. fxe3 Kc6
27. Kf2 a5 28. Rd4 b5 29. c3 Rd8 30. Ke2 Rd7 31. Nd3 Re7 32. Rf4 1-0

[Event "Reykjavik Open 2015"]
[Site "Reykjavik ISL"]
[Date "2015.03.10"]
[Round "1.74"]
[White "Nilsen, Tobias Lang"]
[Black "Bisby, Daniel L"]
[Result "0-1"]
[BlackTitle "FM"]
[WhiteElo "1761"]
[BlackElo "2321"]
[WhiteFideId "1521624"]
[BlackFideId "404586"]
[EventDate "2015.03.10"]

1. e4 c5 2. Nf3 Nc6 3. d4 cxd4 4. Nxd4 g6 5. Be3 Bg7 6. Nc3 Nf6 7. f3 O-O 8. Bc4
Qb6 9. Bb3 Nxe4 10. Nd5 Qa5+ 11. c3 Bxd4 12. Bxd4 Nc5 13. Be3 d6 14. O-O Be6 15.
Bc4 Qd8 16. Bh6 Re8 17. b4 Nd7 18. f4 Nb6 19. Bb3 Nxd5 20. Bxd5 Bxd5 21. Qxd5 e6
22. Qd3 Ne7 23. g4 Qb6+ 24. Kh1 Rac8 25. Rac1 Qc6+ 26. Kg1 Nd5 27. c4 Qb6+ 28.
Kh1 Ne3 29. Qe2 Nxf1 30. Qb2 e5 31. Rxf1 Rxc4 32. a3 Qc6+ 33. Kg1 Rc2 0-1

[Event "Reykjavik Open 2015"]
[Site "Reykjavik ISL"]
[Date "2015.03.10"]
[Round "1.75"]
[White "Gislason, Gudmundur"]
[Black "Kjartansson, Dagur"]
[Result "1-0"]
[WhiteTitle "FM"]
[WhiteElo "2321"]
[BlackElo "1756"]
[WhiteFideId "2300559"]
[BlackFideId "2303299"]
[EventDate "2015.03.10"]

1. g3 c5 2. Bg2 Nc6 3. c4 g6 4. Nc3 Bg7 5. b3 Nf6 6. Bb2 O-O 7. Nf3 b6 8. d4
cxd4 9. Nxd4 Bb7 10. O-O a6 11. Qd2 Qc7 12. Nd5 Nxd5 13. cxd5 Nxd4 14. Bxd4 Bxd4
15. Qxd4 e5 16. dxe6 dxe6 17. Rac1 Qe7 18. Qxb6 Bxg2 19. Kxg2 Rfb8 20. Qc7 Qe8
21. Qf4 Rc8 22. Rfd1 Qb5 23. Qf3 Rab8 24. a4 Qe8 25. Rxc8 Qxc8 26. Rd6 a5 27. h4
Qc7 28. Rc6 Qe5 29. Ra6 Kg7 30. Ra7 Qf6 31. Qd3 Qf5 32. Qc3+ e5 33. Rxa5 Qe4+
34. Qf3 Qxf3+ 35. exf3 Rxb3 36. Rxe5 Ra3 37. Ra5 h6 38. g4 Rc3 39. Kg3 Rb3 40.
Ra8 Ra3 41. Kf4 Ra2 42. Kg3 Ra3 43. g5 h5 44. a5 Rb3 45. a6 Ra3 46. a7 Ra4 47.
Kg2 Ra1 48. f4 Ra3 49. Kf1 Ra2 50. Ke1 Ra4 51. Ke2 Ra3 52. Kd2 Ra2+ 53. Kd3 Ra3+
54. Kd4 Ra4+ 55. Kd5 Ra5+ 56. Kc4 Ra4+ 57. Kb5 Ra1 58. f5 gxf5 59. Kc5 Rc1+ 60.
Kd5 Ra1 61. Ke5 Ra2 62. f3 Ra3 63. Kf4 Ra5 64. Re8 Rxa7 65. Kxf5 Ra4 66. Re4
Ra5+ 67. Kf4 Ra3 68. Rd4 Ra1 69. Rd6 Rg1 70. Rh6 Ra1 71. Rxh5 1-0

[Event "Reykjavik Open 2015"]
[Site "Reykjavik ISL"]
[Date "2015.03.10"]
[Round "1.76"]
[White "Burgisser, Claude"]
[Black "Antal, Tibor Kende"]
[Result "0-1"]
[BlackTitle "FM"]
[WhiteElo "1724"]
[BlackElo "2317"]
[WhiteFideId "656801"]
[BlackFideId "738581"]
[EventDate "2015.03.10"]

1. d4 Nf6 2. Nf3 d5 3. c3 c5 4. Bg5 Ne4 5. Bf4 cxd4 6. Qxd4 Nc6 7. Qa4 Qb6 8.
Na3 Qxb2 9. Rc1 e5 10. Nxe5 Qxa3 11. Qxa3 Bxa3 12. Rc2 Bf5 13. Nd3 O-O 14. f3
Nc5 15. Be3 Nxd3+ 16. exd3 Rfe8 17. Kf2 d4 0-1

[Event "Reykjavik Open 2015"]
[Site "Reykjavik ISL"]
[Date "2015.03.10"]
[Round "1.77"]
[White "Hitzler, Philipp"]
[Black "Steingrimsson, Karl Egill"]
[Result "1-0"]
[WhiteElo "2315"]
[BlackElo "1720"]
[WhiteFideId "4658930"]
[BlackFideId "2304791"]
[EventDate "2015.03.10"]

1. d4 Nf6 2. Nf3 e6 3. c4 d5 4. Nc3 Be7 5. Bg5 c6 6. e3 Nbd7 7. Qc2 dxc4 8. Bxc4
Nd5 9. Bxe7 Qxe7 10. e4 Nxc3 11. bxc3 b5 12. Bd3 Bb7 13. a4 a6 14. O-O O-O 15.
e5 f5 16. exf6 Nxf6 17. Rae1 h6 18. Bf5 Bc8 19. Qb3 Nd5 20. Be4 bxa4 21. Qc2 Qc7
22. Ne5 Ne7 23. Qxa4 Bd7 24. Bb1 Be8 25. Qc2 g6 26. Qd2 Kg7 27. Ng4 Qf4 28. Qe2
Nd5 29. Rc1 h5 30. Ne5 Qg5 31. Nd3 Rf6 32. g3 h4 33. c4 Nf4 34. Nxf4 Rxf4 35.
Qe3 Rg4 36. Qc3 Qf6 37. f4 hxg3 38. hxg3 Rd8 39. Kg2 c5 40. dxc5 Bc6+ 41. Kh3
Qxc3 42. Rxc3 Bg2+ 43. Kxg2 1-0

[Event "Reykjavik Open 2015"]
[Site "Reykjavik ISL"]
[Date "2015.03.10"]
[Round "1.78"]
[White "Olsen, William"]
[Black "Ni, Shiqun"]
[Result "0-1"]
[BlackTitle "WIM"]
[WhiteElo "1716"]
[BlackElo "2315"]
[WhiteFideId "1518259"]
[BlackFideId "8608466"]
[EventDate "2015.03.10"]

1. d4 Nf6 2. c4 c5 3. d5 e6 4. Nc3 exd5 5. cxd5 d6 6. e4 g6 7. Nf3 Bg7 8. Bd3
O-O 9. O-O a6 10. a4 Bg4 11. Bd2 Nbd7 12. h3 Bxf3 13. Qxf3 Qc7 14. Rac1 Rac8 15.
Nd1 Ne5 16. Qe2 Nxd3 17. Qxd3 Rfe8 18. Re1 c4 19. Qc2 b5 20. axb5 axb5 21. b3
Qb7 22. bxc4 Rxc4 23. Qd3 Rcxe4 24. Nc3 Rxe1+ 25. Rxe1 Rxe1+ 26. Bxe1 b4 27. Qb5
Qxb5 28. Nxb5 Nxd5 29. Bxb4 Nxb4 30. Nxd6 Bd4 31. Ne4 f5 0-1

[Event "Reykjavik Open 2015"]
[Site "Reykjavik ISL"]
[Date "2015.03.10"]
[Round "1.79"]
[White "Mihajlov, Sebastian"]
[Black "Gaarder, Hans K."]
[Result "1-0"]
[WhiteTitle "FM"]
[WhiteElo "2308"]
[BlackElo "1701"]
[WhiteFideId "1512110"]
[BlackFideId "1510479"]
[EventDate "2015.03.10"]

1. d4 e6 2. c4 Nf6 3. Nc3 Bb4 4. f3 d5 5. a3 Bxc3+ 6. bxc3 h6 7. e3 c5 8. Bd3
Nc6 9. Ne2 O-O 10. cxd5 Nxd5 11. O-O f5 12. Kh1 Bd7 13. e4 Nf6 14. Bf4 cxd4 15.
cxd4 Nh5 16. Bd6 Rf7 17. Qd2 Be8 18. e5 g5 19. Bc4 Ng7 20. d5 Na5 21. Ba2 Bd7
22. Nd4 exd5 23. Bxd5 Nc6 24. e6 Bxe6 25. Nxe6 Qxd6 26. Nxg5 Ne6 27. Nxe6 Rd7
28. Nc7+ Kh7 29. Nxa8 Qxd5 30. Qxd5 Rxd5 31. Rad1 1-0

[Event "Reykjavik Open 2015"]
[Site "Reykjavik ISL"]
[Date "2015.03.10"]
[Round "1.80"]
[White "Holm, Fridgeir K"]
[Black "Haldorsen, Benjamin"]
[Result "0-1"]
[WhiteElo "1700"]
[BlackElo "2307"]
[WhiteFideId "2307324"]
[BlackFideId "1512633"]
[EventDate "2015.03.10"]

1. g3 g6 2. Bg2 Bg7 3. Nf3 Nf6 4. O-O O-O 5. d3 d5 6. Nbd2 Nc6 7. Nb3 e5 8. d4
e4 9. Ne1 a5 10. c3 Ne8 11. f3 f5 12. fxe4 dxe4 13. Be3 Nd6 14. Qc1 a4 15. Bg5
Qe8 16. Nd2 h6 17. Be3 Be6 18. Kh1 g5 19. Nc2 Qh5 20. Bg1 Qxe2 21. Ne3 f4 22.
Re1 Qh5 23. g4 Qg6 24. Nf5 f3 25. Bh3 Bxf5 26. gxf5 Qh5 27. Bf1 Rae8 28. Bc4+
Kh8 29. Bd5 Nxf5 30. Bf2 e3 31. Bxe3 Nxe3 32. Nf1 0-1

[Event "Reykjavik Open 2015"]
[Site "Reykjavik ISL"]
[Date "2015.03.10"]
[Round "1.81"]
[White "Mamedjarova, Zeinab"]
[Black "Bogut, Maksymilian"]
[Result "1-0"]
[WhiteTitle "WGM"]
[WhiteElo "2303"]
[BlackElo "1697"]
[WhiteFideId "13401521"]
[BlackFideId "1185810"]
[EventDate "2015.03.10"]

1. d4 d5 2. c4 e6 3. Nc3 Nf6 4. Bg5 Be7 5. e3 Nbd7 6. Bd3 O-O 7. Nge2 a6 8. cxd5
Nxd5 9. Bxe7 Qxe7 10. O-O N7b6 11. Ne4 Bd7 12. Rc1 Bc6 13. Nc5 Nb4 14. Bb1 Rfd8
15. e4 a5 16. Rc3 Na6 17. Nxa6 Rxa6 18. e5 Nd5 19. Rh3 f5 20. exf6 Nxf6 21. Bd3
Raa8 22. Re1 Qd6 23. Qc2 h6 24. Bc4 Kh8 25. Qg6 Be4 26. Rxh6+ gxh6 27. Qxf6+ Kh7
28. Qf7+ Kh8 29. Ng3 Bd5 30. Qf6+ Kg8 31. Nf5 exf5 32. Bxd5+ Qxd5 33. Re7 1-0

[Event "Reykjavik Open 2015"]
[Site "Reykjavik ISL"]
[Date "2015.03.10"]
[Round "1.82"]
[White "Miszkielo, Bartosz"]
[Black "Maisuradze, Nino"]
[Result "0-1"]
[BlackTitle "WGM"]
[WhiteElo "1694"]
[BlackElo "2302"]
[WhiteFideId "1185160"]
[BlackFideId "13601717"]
[EventDate "2015.03.10"]

1. e4 c5 2. Nf3 a6 3. d4 cxd4 4. Nxd4 Nf6 5. Nc3 e5 6. Nb3 Bb4 7. Bd2 O-O 8. Bd3
Nc6 9. O-O Bxc3 10. Bxc3 d5 11. exd5 Nxd5 12. Qd2 Nf4 13. Be4 Qg5 14. Kh1 Bf5
15. Bxc6 bxc6 16. g3 Bh3 17. Rg1 Qh5 18. Qe3 Nd5 19. Qd3 Bf5 20. Qd1 Be4+ 21.
Rg2 Bf3 0-1

[Event "Reykjavik Open 2015"]
[Site "Reykjavik ISL"]
[Date "2015.03.10"]
[Round "1.83"]
[White "Tjomsland, Stig"]
[Black "Hauksdottir, Hrund"]
[Result "1-0"]
[WhiteTitle "FM"]
[WhiteElo "2300"]
[BlackElo "1692"]
[WhiteFideId "1501704"]
[BlackFideId "2302608"]
[EventDate "2015.03.10"]

1. d4 d5 2. Nf3 Nf6 3. c4 c6 4. Nc3 dxc4 5. a4 Bf5 6. e3 Nbd7 7. Bxc4 e6 8. O-O
Bd6 9. Qe2 Bc7 10. e4 Bg4 11. e5 Nd5 12. Ne4 Bb6 13. Nd6+ Kf8 14. h3 Bh5 15. g4
Bg6 16. a5 Bc7 17. Bg5 Qb8 18. Bxd5 cxd5 19. Qb5 Bxd6 20. Qxd7 Bc7 21. Be7+ Kg8
22. Rfc1 Bd8 23. Qe8# 1-0

[Event "Reykjavik Open 2015"]
[Site "Reykjavik ISL"]
[Date "2015.03.10"]
[Round "1.84"]
[White "Fjallheim, Elmar"]
[Black "Kochetkova, Julia"]
[Result "0-1"]
[BlackTitle "WGM"]
[WhiteElo "1678"]
[BlackElo "2288"]
[WhiteFideId "7201095"]
[BlackFideId "4139690"]
[EventDate "2015.03.10"]

1. e4 d6 2. d4 Nf6 3. Bd3 e5 4. c3 Be7 5. h3 Nbd7 6. Nf3 O-O 7. O-O b6 8. Re1
Bb7 9. d5 h6 10. Nh4 Nxd5 11. Nf5 Nf4 12. Bxf4 exf4 13. Qg4 Bg5 14. Bc2 Ne5 15.
Qd1 Qf6 16. Nd2 Rad8 17. Nd4 Rfe8 18. N2f3 c5 19. Nb5 Qe7 20. Nxe5 dxe5 21. Qe2
a6 22. Na3 b5 23. Rad1 Rxd1 24. Rxd1 Rd8 25. Nb1 Rxd1+ 26. Qxd1 Qc7 27. Nd2 Be7
28. Nf3 c4 29. Kf1 Bc5 30. Qd2 Bb6 31. Qd1 Qc5 32. Qd2 g5 33. Nh2 Kg7 34. Qe1 a5
35. a3 b4 36. axb4 axb4 37. cxb4 Qd4 38. Nf3 Qxb2 39. Qb1 Qc3 40. b5 Qa3 41.
Nxe5 Qc5 42. Ng4 h5 0-1

[Event "Reykjavik Open 2015"]
[Site "Reykjavik ISL"]
[Date "2015.03.10"]
[Round "1.85"]
[White "Wahedi, Ahmad Siar"]
[Black "Rist, Karl-Johan"]
[Result "1-0"]
[WhiteTitle "FM"]
[WhiteElo "2287"]
[BlackElo "1677"]
[WhiteFideId "4651260"]
[BlackFideId "1506900"]
[EventDate "2015.03.10"]

1. e4 e6 2. d4 d5 3. Nc3 Bb4 4. e5 c5 5. Bd2 c4 6. Qg4 g6 7. h4 h5 8. Qf4 Nc6 9.
Nf3 Nh6 10. a3 Bf8 11. Ne2 Qb6 12. Bc3 Bg7 13. Qd2 Ng4 14. Nf4 Bd7 15. Ng5 Qc7
16. f3 Nh6 17. g4 hxg4 18. h5 Nxe5 19. dxe5 Bxe5 20. Nxd5 exd5 21. Qe2 f6 22. f4
O-O-O 23. fxe5 fxg5 24. O-O-O Be8 25. hxg6 Bxg6 26. e6 Be4 27. Bg2 Bxg2 28. Qxg2
Rh7 29. Rxd5 Rxd5 30. Qxd5 Qc6 31. Qxc6+ bxc6 32. Bf6 g3 33. e7 Kd7 34. Rd1+ Ke6
35. e8=Q+ Kxf6 36. Rd6+ Kf5 37. Qe6+ 1-0

[Event "Reykjavik Open 2015"]
[Site "Reykjavik ISL"]
[Date "2015.03.10"]
[Round "1.86"]
[White "Lee, Gudmundur Kristinn"]
[Black "Foisor, Sabina-Francesca"]
[Result "0-1"]
[BlackTitle "WGM"]
[WhiteElo "1676"]
[BlackElo "2279"]
[WhiteFideId "2303361"]
[BlackFideId "1212915"]
[EventDate "2015.03.10"]

1. e4 g6 2. Nc3 Bg7 3. d4 d6 4. h4 h5 5. Bc4 Nf6 6. Nge2 a6 7. a3 b5 8. Bb3 Bb7
9. f3 Nbd7 10. Bg5 c5 11. d5 Qb6 12. Qd2 Ne5 13. Nd1 O-O 14. Ne3 c4 15. Ba2 Rfc8
16. Rh3 a5 17. Bf4 Rc7 18. Bxe5 dxe5 19. Qc3 Rac8 20. Rg3 b4 21. axb4 axb4 22.
Qd2 Bh6 23. Rg5 Nh7 24. Nf1 Bxg5 25. hxg5 Ra8 26. Nc1 c3 27. bxc3 bxc3 28. Qe3
Qb2 29. Rb1 Rxa2 30. Rxb2 cxb2 0-1

[Event "Reykjavik Open 2015"]
[Site "Reykjavik ISL"]
[Date "2015.03.10"]
[Round "1.87"]
[White "Wahlbom, Magnus"]
[Black "Edvardsen, Oystein"]
[Result "1-0"]
[WhiteElo "2278"]
[BlackElo "1662"]
[WhiteFideId "1700685"]
[BlackFideId "1508776"]
[EventDate "2015.03.10"]

1. e4 c5 2. Nf3 Nc6 3. d4 cxd4 4. Nxd4 e5 5. Nb5 d6 6. c4 a6 7. N5c3 f5 8. exf5
Bxf5 9. Bd3 Bxd3 10. Qxd3 Nb4 11. Qe2 Nf6 12. O-O Be7 13. Ne4 O-O 14. Nbc3 Nxe4
15. Qxe4 Bg5 16. Qxb7 Bxc1 17. Raxc1 Rb8 18. Qe4 Rf4 19. Qe2 Nc6 20. b3 Nd4 21.
Qe3 Nf3+ 22. gxf3 Qh4 23. Kh1 Rbf8 24. Rg1 Rxf3 25. Qg5 Qxg5 26. Rxg5 Rxf2 27.
Rg2 R2f3 28. Rd2 R8f4 29. Rxd6 Rf2 30. Kg1 Rb2 31. Rd8+ Kf7 32. Rf1 Rxf1+ 33.
Kxf1 Rxh2 34. c5 Ke7 35. Rd6 g5 36. Nd5+ Ke8 37. c6 Rxa2 38. c7 1-0

[Event "Reykjavik Open 2015"]
[Site "Reykjavik ISL"]
[Date "2015.03.10"]
[Round "1.88"]
[White "Van Zyl-Rudd, Jack"]
[Black "Wege, Jochen"]
[Result "0-1"]
[BlackTitle "FM"]
[WhiteElo "1648"]
[BlackElo "2277"]
[WhiteFideId "14309017"]
[BlackFideId "4620488"]
[EventDate "2015.03.10"]

1. d4 e6 2. c4 Nf6 3. Nc3 Bb4 4. f3 c5 5. d5 b5 6. e4 bxc4 7. Bxc4 exd5 8. Bxd5
Nxd5 9. Qxd5 Nc6 10. Ne2 O-O 11. O-O Rb8 12. Bf4 Rb6 13. Rfd1 Qf6 14. Bd6 Re8
15. a3 Bxc3 16. bxc3 Ba6 17. c4 Rb2 18. Ng3 Rc2 19. Bxc5 Qb2 20. Rab1 Rxg2+ 21.
Kf1 Qa2 0-1

[Event "Reykjavik Open 2015"]
[Site "Reykjavik ISL"]
[Date "2015.03.10"]
[Round "1.89"]
[White "Niemann, Hans M"]
[Black "Palmeri, Ralph P"]
[Result "1-0"]
[WhiteElo "2275"]
[BlackElo "1642"]
[WhiteFideId "2093596"]
[BlackFideId "2057417"]
[EventDate "2015.03.10"]

1. d4 c5 2. d5 d6 3. c4 g6 4. Nf3 Nf6 5. Nc3 Nbd7 6. e4 a6 7. Be2 Bg7 8. O-O Qc7
9. h3 O-O 10. Bg5 Re8 11. Qd2 Nf8 12. Rad1 Bd7 13. a4 Rad8 14. e5 dxe5 15. d6
exd6 16. Bxf6 Bc6 17. Bxd8 Rxd8 18. Nd5 Qd7 19. Qg5 Bxd5 20. Rxd5 f6 21. Qd2 Ne6
22. Rd1 Bf8 23. g3 Qxa4 24. Rd3 e4 25. Ra3 Qc6 26. Ne1 Nd4 27. Nc2 Nf5 28. Bg4
Ne7 29. Be6+ Kh8 30. Bd5 Nxd5 31. Qxd5 Qxd5 32. Rxd5 f5 33. Rb3 Rd7 34. Ne3 Bg7
35. Rb6 Be5 36. b4 cxb4 37. c5 a5 38. Nc4 Rc7 39. cxd6 Rxc4 40. Rxe5 1-0

[Event "Reykjavik Open 2015"]
[Site "Reykjavik ISL"]
[Date "2015.03.10"]
[Round "1.90"]
[White "Davidsdottir, Nansy"]
[Black "Karason, Askell O"]
[Result "0-1"]
[WhiteElo "1641"]
[BlackElo "2274"]
[WhiteFideId "2309491"]
[BlackFideId "2300567"]
[EventDate "2015.03.10"]

1. e4 c5 2. Nf3 Nc6 3. d4 cxd4 4. Nxd4 g6 5. Be3 Bg7 6. c3 Nf6 7. Nd2 O-O 8. Be2
d5 9. Nxc6 bxc6 10. Qc2 e5 11. O-O-O Qa5 12. Kb1 Nxe4 13. Nxe4 dxe4 14. Bc4 Kh8
15. Rd6 f5 16. g3 f4 17. gxf4 exf4 18. Bd4 Bf5 19. Qd1 Rae8 20. Ka1 e3 21. Rxc6
Be4 22. Ra6 Qf5 23. Re1 exf2 24. Bxf2 Bc2 25. Qd2 Rxe1+ 26. Qxe1 Rd8 27. Bd4
Bxd4 28. cxd4 Rxd4 29. Qc3 Qe5 30. a3 Rd1+ 31. Ka2 Qxc3 32. bxc3 f3 33. Rf6 Bf5
34. Rf8+ Kg7 35. Rf7+ Kh6 36. Rxa7 f2 37. a4 Be6 0-1

[Event "Reykjavik Open 2015"]
[Site "Reykjavik ISL"]
[Date "2015.03.10"]
[Round "1.91"]
[White "Poley, Vladimir"]
[Black "Ugland, Torge"]
[Result "1-0"]
[WhiteTitle "IM"]
[WhiteElo "2269"]
[BlackElo "1636"]
[WhiteFideId "13500090"]
[BlackFideId "1508873"]
[EventDate "2015.03.10"]

1. Nf3 d5 2. b3 Nf6 3. Bb2 Bf5 4. e3 e6 5. c4 Be7 6. Nc3 O-O 7. Be2 Nbd7 8. O-O
h6 9. Rc1 Re8 10. Re1 c6 11. cxd5 exd5 12. d3 Bf8 13. Bf1 Bg4 14. h3 Bh5 15. Ne2
Bb4 16. Bc3 Qa5 17. Bxb4 Qxb4 18. Ng3 Bg6 19. d4 Re6 20. Ne2 Re7 21. Nf4 Bh7 22.
Nd3 Qd6 23. b4 a6 24. a4 Ne4 25. b5 c5 26. dxc5 Ndxc5 27. Nxc5 Nxc5 28. Nd4 Ne6
29. bxa6 Nxd4 30. axb7 Rxb7 31. exd4 Bf5 32. Rc5 Rba7 33. Bb5 Bd7 34. Qh5 Bxb5
35. axb5 Ra1 36. Rc8+ Kh7 37. Qf5+ Qg6 38. Qxg6+ Kxg6 39. Rxa1 Rxa1+ 40. Kh2 Kf5
41. Rc7 Ke4 42. Rxf7 Kxd4 43. Rxg7 Kd3 44. b6 Rb1 45. b7 d4 46. f4 Ke4 47. Rd7
d3 48. Kg3 Ke3 49. f5 d2 50. f6 Rxb7 51. Rxb7 1-0

[Event "Reykjavik Open 2015"]
[Site "Reykjavik ISL"]
[Date "2015.03.10"]
[Round "1.92"]
[White "Steinthorsson, Felix"]
[Black "Kristinsson, Jon"]
[Result "0-1"]
[WhiteElo "1634"]
[BlackElo "2251"]
[WhiteFideId "2310040"]
[BlackFideId "2300141"]
[EventDate "2015.03.10"]

1. d4 Nf6 2. Bg5 d6 3. Nd2 Nbd7 4. e3 g6 5. Bd3 Bg7 6. f4 e5 7. Ngf3 Qe7 8. O-O
O-O 9. Re1 h6 10. Bh4 Re8 11. c3 Qf8 12. Bxf6 Bxf6 13. fxe5 dxe5 14. Ne4 Bg7 15.
Bc4 Qe7 16. Nfd2 Kh7 17. Rf1 f5 18. Ng3 Nf6 19. h3 e4 20. Ne2 Nh5 21. Nf4 Nxf4
22. Rxf4 Bf6 23. Qe2 Bg5 24. Rff1 Be6 25. Rae1 Rad8 26. b4 b6 27. Nb3 Bxe3+ 28.
Qxe3 Bxc4 29. Rf2 Qe6 30. Rb1 g5 31. g3 Rf8 32. Rbb2 Rd7 33. Nc1 Qg6 34. Kh2 Rg7
35. a3 f4 36. Qe1 e3 37. Rg2 f3 0-1

[Event "Reykjavik Open 2015"]
[Site "Reykjavik ISL"]
[Date "2015.03.10"]
[Round "1.93"]
[White "Haugli, Petter"]
[Black "Thoroddsen, Arni"]
[Result "1-0"]
[WhiteTitle "IM"]
[WhiteElo "2247"]
[BlackElo "1611"]
[WhiteFideId "1500104"]
[BlackFideId "2309203"]
[EventDate "2015.03.10"]

1. d4 Nf6 2. c4 c5 3. d5 b5 4. cxb5 a6 5. bxa6 Bxa6 6. Nc3 g6 7. Nf3 Bg7 8. e4
Bxf1 9. Kxf1 d6 10. g3 Nbd7 11. Kg2 Qb6 12. a4 Qb4 13. Qc2 O-O 14. Bd2 Rfb8 15.
Rab1 Qb3 16. Rhc1 Ng4 17. Be1 Nge5 18. Nxe5 Nxe5 19. Qxb3 Rxb3 20. Rc2 Nd3 21.
Bd2 Rab8 22. Nd1 Nxb2 23. Nxb2 Rxb2 24. Rbxb2 Rxb2 25. Rxb2 Bxb2 26. a5 c4 27.
Be3 c3 28. a6 c2 29. a7 1-0